01708nam a2200421 a 4500001001000000003000900010005001700019007001000036008003400046020001500080040002500095082003200120100003500152245018600187250002500373260006600398300002600464490003200490500004300522504007400565504003100639533006200670590002600732650004100758650004800799650004000847650002300887700003500910700002600945700002600971830003200997910003701029942001201066945002601078952012801104956003901232999001501271000011324DO-SdBPM20250117092407.0000011324091016s2004 dr 001 0 spa d a9993490644 aDO-SdBPMbspacBPMSU 4a398.097293bG241f, 20042221 aGarrido de Boggs, Edna,d1913-10aFolklore infantil de Santo Domingo /cEdna Garrido de Boggs ; edición Eleanor Grimaldi Selié ; ilustración Gloria Gastón ; transcripciones musicales de Ruth Crawford Seeger. a3a. ed. facsímilar aSanto Domingo :bSociedad Dominicana de Bibliófilos,c2004. a662 p. :bil., mús.0 aClásicos bibliófilosv8 aIncluye letras y partituras musicales. aIncluye referencias bibliográficas y notas al pie de las páginas. aBibliografía: p. 637-645 aFacsímilarbMadrid:cCultura Hispánica,d1955e21 cm. aInventariado, 2025/VM 4aCanciones folclóricas dominicanas  4aFolclor y niños zRepública Dominicana  4aLiteratura Folclórica dominicana  4aJuegos infantiles 12aGrimaldi Selié, Eleanoreed.12aGastón, Gloriaeil.12aCrawford Seeger, Ruth 0aClásicos bibliófilosv8 aValidado. Control de calidad MFF 2ddccBK aInvetariado / 2017 VM 00102ddc40708CDaBPMETbBPMETd2015-08-03l0oBPMSU CD 398.097293 G241f 2004pBPMSU15080012r2015-08-03w2015-08-03yBK aVMATEOb10c20150803lBPMSUh00151 c8045d8045